Регионална библиотека "Любен Каравелов" - Русе

Победата над Еверест (Запис номер 207695)

MARC детайли
000 -Лидер
Контролно поле с фиксирана дължина 01116nam a2200277 c 4500
003 - Код на организацията, давaща контролен номер
Контролно поле BLK
005 - Дата и час на последна редакция
Контролно поле 20180422120853.0
008 - Елементи от данни с фиксирана дължина
fixed length control field 180411b bul|||||r ||||||| ||bul||
010 ## - Наследен системен номер
LC control number KNG00217529000
040 ## - Източник на каталожния запис
Идентификатор на билиотеката - собственик на записа BLK
041 ## - Код за език
Код за езика на текст/звукозапис или на отделно заглавие Български
Код за езика КДБФ Български
080 ## - УДК
Текстов определител УДК Алпинизъм. Спортно катерене
УДК код - определител по УДК 796.52
УДК определител (47+57)
УДК - код + определител 796.52(47+57)
100 1# - Редна дума - Автор
Автор Кононов, Юрий Вячеславович
Авторска отговорност първи автор
R(LIN) 351175
139 ## - Редно поле
Редна дума Кононов, Юрий Вячеславович
Авторски знак Кон - К 81
245 10 - Сведения за заглавието
Заглавие Победата над Еверест
Подзаглавни данни Съв. експедиция през 1982 г.
Редно поле (дума) Юрий Вячеславович Кононов; прев. от рус. Руен Крумов.
257 ## - Страна на издаване
Страна на създаване/издаване България
260 ## - Област на издателските данни
-- София
Име на издателя, разпространителя и проч. Медицина и физкултура
Година на издаване 1988
300 ## - Физическа характеристика
Страници 136 с.
Илюстрации и др. с диагр., к., 8 л. ил.
Размери/Мащаб 22 см
380 ## - Жанр
Жанр 793/799 Спорт
700 1# - Други автори (авторска отговорност)
Лично име Крумов, Руен
Автороска отговорност (Описва отношението между автора и произведението) прев. от рус.
9 (RLIN) 366000
852 ## - Местоположение
Форматна сигнатура Цб 154710
856 4# - Електронен адрес и достъп
Електронен формат pdf - файл
Път до файла /url/
856 4# - Електронен адрес и достъп
Електронен формат pdf - файл
Път до файла /url/
942 ## - АРТИКУЛИ
Вид на библиотечния материал Книги
Скрит в OPAC Не
944 ## - СЪЗДАВАНЕ И РЕДАКЦИЯ на ЗАПИСА
Създаване/Редакция Създаване
Дата на регистрацията/редакция 23.03.2018
Служител, извършил регистрацията/редакцията Нора_Радева
944 ## - СЪЗДАВАНЕ И РЕДАКЦИЯ на ЗАПИСА
Създаване/Редакция Редакция
Дата на регистрацията/редакция 23.03.2018
Служител, извършил регистрацията/редакцията Нора_Радева
999 ## - СИСТЕМНИ КОНТРОЛНИ НОМЕРА
Koha biblionumber 207695
Koha biblioitemnumber 207695
Наличности
Код за отписване Код за изгубен артикул Източник на класификационната схема Код за повреда Коз за рестрикции Код за отдаване Артикулен № Име на библиотеката - собственик Име на библиотеката, в която се намира в момента Статус (Текущо местоположение) Дата на вписване в системата Местоположение - отдел Цена в лева Инвентарен номер Систематично азбучна сигнатура Баркод Номер на екземпляра Цена в евро Служебна бележка Служебен тип на артикула
  Не е изгубен Universal Decimal Classification Не е повреден без рестрикции ползва се в читалня 358671 Регионална библиотека "Любен Каравелов" Русе Регионална библиотека "Любен Каравелов" Русе Хранилище 1988-01-01 Хранилище 1.16 506066 Цб 154710 120000506066 1 0.59 Вид: Сф Дата: 01.01.1988 Книги
Изтеглен Не е изгубен Universal Decimal Classification Не е повреден без рестрикции заемане за дома 358672 Регионална библиотека "Любен Каравелов" Русе Регионална библиотека "Любен Каравелов" Русе Заемна - подръчен фонд 1988-01-01 Заемна - подръчен фонд 1.16 506179 П 796.5/К 81 506179 2 0.59 Вид: Сф Дата: 01.01.1988 Книги
Изтеглен Не е изгубен Universal Decimal Classification Не е повреден без рестрикции заемане за дома 358673 Регионална библиотека "Любен Каравелов" Русе Регионална библиотека "Любен Каравелов" Русе Заемна - подръчен фонд 1988-01-01 Заемна - подръчен фонд 1.16 506181 П 796.5/К 81 506181 3 0.59 Вид: Сф Дата: 01.01.1988 Дата инв: 06.03.2018 Бележки инв: П2018 Книги
Vip Innovations Ltd, Rousse, Bulgaria 2025